| 000 | 00701nas a2200241 454500 | ||
|---|---|---|---|
| 001 | IICA0600492 | ||
| 003 | BR-BrBNA | ||
| 005 | 20260323111531.0 | ||
| 007 | ta | ||
| 008 | 260323b bl.|||p| |||| 00| 00por d | ||
| 040 |
_aBR-BrBNA _bpor _cBiblioteca Nacional de Agricultura |
||
| 041 | _a(Es) | ||
| 072 | _aL01 | ||
| 100 | 1 | _aAlba, J. de | |
| 245 | 1 | _aEl ordeno con ternero y la eficiencia reproductiva en el bovino | |
| 300 | _av. 10 (2) p. 64-67 | ||
| 650 | _aBEZERRO | ||
| 650 | _aORDENHA | ||
| 650 | _aEFICIENCIA REPRODUTIVA | ||
| 773 | 0 |
_tTURRIALBA (IICA) _X0041-4360 _g(Apr-Jun 1960), v. 10 (2) p. 64-67 _wIICA0600492 |
|
| 909 |
_a202603 _bLúcia _c55 _dLúcia Elande |
||
| 942 |
_2IICA _n0 _cANA |
||
| 999 |
_c340741 _d340741 |
||